Responses for Show #7047 - Tuesday, April 14, 2015

Alex Jacob game 3.

Contestants

[<< previous game]

Mary Suárez, a writer from New York, New York

Corbin Dill, an editor and graduate student in public health from Houston, Texas

Alex Jacob, a currency trader from Chicago, Illinois (whose 2-day cash winnings total $49,600)

[next game >>]

Jeopardy! Round responses

GENERAL SCIENCE
WHAT'S FOR DESSERT?
2-SYLLABLE, 3-LETTER WORDS
SPEECH! SPEECH!
THE "HEART" OF ROCK & ROLL
R.I.P.
    $200 30
Jupiter

Corbin
    $200 29
Toll House

Mary
    $200 5
olé

Alex
    $200 28
(Lou) Gehrig

Alex
    $200 27
"Heart Of Glass"

Alex
    $200 7
7Up

Alex
    $400 23
bread

Alex
    $400 22
(Corbin: What is meringue?)

mousse

Corbin
Triple Stumper
    $400 17
icy

Alex
    $400 24
Mitch McConnell

Mary
    $400 26
"Heartbreaker"

Triple Stumper
    $400 25
(Virginia) Johnson

Alex
    $600 3
(Corbin: What is Paleolithic?)

Paleozoic

Corbin
Triple Stumper
    $600 21
biscotti

Mary
    $600 18
emo

Mary
    $600 4
a Moon landing

Corbin
    $600 12
"Stereo Hearts"

Alex
    $600 14
"Dropkick Me, Jesus"

Triple Stumper
    $800 1
the electrolyte

Triple Stumper
    $800 8
Nilla wafers

Alex
    $800 19
ave

Mary
    $800 2
(Menachem) Begin

Alex
    $800 11
"Total Eclipse Of The Heart"

Corbin
    $800 6
Ben Bradlee

Mary
    $1000 15
(Mary: Oh, gee, I just blanked.)

lichens

Mary
Triple Stumper
    $1000 16
flan

Corbin
    $1000 20
uni

Alex
    $2,000 9
Hoover Dam

Alex
    $1000 10
"Heart-Shaped Box"

Alex
    $1000 13
(Corbin: Who is Alexander McQueen?)

Oscar de la Renta

Corbin
Triple Stumper

Scores at the first commercial break (after clue 14):

Alex Corbin Mary
$5,600 -$200 $800

Scores at the end of the Jeopardy! Round:

Alex Corbin Mary
$8,200 $600 $2,400

Double Jeopardy! Round responses

TREATIES
I'M "FED" UP!
(Alex Trebek: Next, give us the original novel. We'll give you the...)
NOVELS' SEQUELS
MOVIE COSTUMES
SCALING
MOUNT EVEREST
    $400 10
the Louisiana Purchase

Corbin
    $400 16
the Confederate Memorial Day

Triple Stumper
    $400 15
Fifty Shades of Grey

Alex
    $400 1
the Cowardly Lion

Alex
    $400 13
eclipses

Alex
    $400 14
Nepal & China

Alex
    $800 12
Australia & New Zealand

Alex
    $800 17
(Roger) Federer

Mary
    $800 11
The Notebook

Alex
    $800 22
Princess Leia

Alex
    $800 23
a major scale

Corbin
    $800 25
glaciers

Triple Stumper
    $1200 5
Morocco

Alex
    $1200 8
FedEx

Alex
    $10,200 3
Rich Man, Poor Man

Alex
    $1200 24
The Dark Knight

Alex
    $1200 27
14

Corbin
    $1200 26
oxygen

Corbin
    $1600 4
Maria Theresa

Alex
    $1600 7
Federalist

Alex
    $1600 2
Rebecca

Alex
    $1600 21
The Artist

Alex
    $1600 28
anxiety

Mary
    $100 9
(Alex Jacob: What is Nepalese?)
(Alex Trebek: Be more specific.)
(Alex Jacob: Wow. What is Tibetan?)

Sherpa

Alex
    $2000 6
Alfred the Great

Alex
    $2000 18
corn-fed

Corbin
    $2000 19
(Alex Jacob: What is Sons and Lovers?)
(Mary: What is Lady Chatterley's Lover?)

The Rainbow

AlexMary
Triple Stumper
    $2000 20
Things to Come

Mary
    $2000 29
the Beaufort scale

Alex
    $2000 30
(Jon) Krakauer

Alex

Scores at the end of the Double Jeopardy! Round:

Alex Corbin Mary
$36,300 $6,200 $4,800
(lock game)

[wagering suggestions for these scores]

Final Jeopardy! Round responses

U.S. PRESIDENTS
[Alex's response trailed off in legibility.]
MaryWho are Ford + Clinton
$1,800
CorbinWho are Grant + Eisenhower?
$3,800
AlexWho are B Harrison W H Harrison
$13,700
Ford & Clinton

Final scores:

Alex Corbin Mary
$22,600 $2,400 $6,600
3-day champion: $72,200 3rd place: $1,000 2nd place: $2,000

Game dynamics:

Coryat scores:

Alex Corbin Mary
$26,400 $6,200 $4,800
31 R
(including 2 DDs),
2 W
(including 1 DD)
9 R,
3 W
9 R,
2 W

Combined Coryat: $37,400

[game clues] [game scores] [suggest correction]

Game tape date: Unknown
The J! Archive is created by fans, for fans. Scraping, republication, monetization, and malicious use prohibited; this site may use cookies and collect identifying information. See terms. The Jeopardy! game show and all elements thereof, including but not limited to copyright and trademark thereto, are the property of Jeopardy Productions, Inc. and are protected under law. This website is not affiliated with, sponsored by, or operated by Jeopardy Productions, Inc. Join the discussion at JBoard.tv.